Bons propòsits / Joan Barril & Joan Ollé
ISBN:
84-932886-0-8
Descripción Física:
152 p. ; 21 cm
Colección:
Sèrie A d'Ara Llibres
Otros Autores:
Ollé, Joan
MARC
| LEADER | 00000nam a2200000Ia 4500 | ||
|---|---|---|---|
| 001 | 14835 | ||
| 008 | 160829s2002 xx 000 0 cat d | ||
| 020 | |a 84-932886-0-8 | ||
| 080 | |a L-2-29 | ||
| 100 | |a Barril, Joan, |d 1952-2014 |9 30969 | ||
| 245 | |a Bons propòsits / Joan Barril & Joan Ollé | ||
| 250 | |a 2a ed. | ||
| 260 | |a Barcelona : |b Ara Llibres, |c 2002 | ||
| 300 | |a 152 p. ; |c 21 cm | ||
| 490 | |a Sèrie A d'Ara Llibres | ||
| 700 | |a Ollé, Joan |9 23080 | ||
| 901 | |a Arxiu | ||
| 942 | |n 1 | ||
| 952 | |0 0 |1 0 |4 0 |6 L229 |7 1 |9 42526 |a Arxiu |b Arxiu |d 2016-12-01 |l 0 |o L-2-29 |p 14835 |r 2016-12-01 00:00:00 |w 2016-12-01 |y ARXIU | ||
| 999 | |c 45031 |d 45031 | ||